De la Cave au Toit : Témoignage d´un enseignement d´architecture /

Enregistré dans:
Détails bibliographiques
Auteurs principaux: von Meiss, Pierre (Auteur), Frei, Ivo (Auteur), Collomb, Marc (Auteur), Malet, Michel (Auteur)
Format: Livre
Langue:français
Publié: Lausanne : Presses polytechniques et universitaires romandes, 1991
Édition:1. vydanie
Sujets:
Tags: Ajouter un tag
Pas de tags, Soyez le premier à ajouter un tag!

MARC

LEADER 00000nam a22000003a 4500
001 0065094
003 SK-STU
005 20190328103921.8
007 ta
008 180517s ----xo-----e------000-0-----d
020 |a 2-88074-232-3 
040 |a STU  |b slo 
041 0 |a fre 
044 |a sz 
100 1 |a von Meiss, Pierre  |4 aut 
245 1 0 |a De la Cave au Toit :  |b Témoignage d´un enseignement d´architecture /  |c aut. Pierre von Meiss, Ivo Frei, Marc Collomb, Michel Malet 
250 |a 1. vydanie 
260 |a Lausanne :  |b Presses polytechniques et universitaires romandes,  |c 1991 
300 |a 90 s. 
650 0 7 |a architektonické navrhovanie 
650 0 7 |a pedagogika 
650 0 7 |a priestorové plánovanie 
650 0 7 |a didaktické metódy 
650 0 7 |a modelovanie a projektovanie 
650 0 7 |a vila 
650 0 7 |a mortuárium 
650 0 7 |a krematórium 
650 0 7 |a obytné budovy 
650 0 7 |a astronomické observatórium 
700 1 |a Frei, Ivo  |4 aut 
700 1 |a Collomb, Marc  |4 aut 
700 1 |a Malet, Michel  |4 aut 
996 |b 284AU07449  |c A* 10698/U  |l AAKNAR  |s A  |a 24  |w 0065094_0001